Financial accounting / (Record no. 3278)

000 -LEADER
fixed length control field 00667cam a22002534a 4500
001 - CONTROL NUMBER
control field 16157629
003 - CONTROL NUMBER IDENTIFIER
control field OSt
005 - DATE AND TIME OF LATEST TRANSACTION
control field 20160926110048.0
008 - FIXED-LENGTH DATA ELEMENTS--GENERAL INFORMATION
fixed length control field 100329s2011 nyua 001 0 eng
010 ## - LIBRARY OF CONGRESS CONTROL NUMBER
LC control number 2010012827
020 ## - INTERNATIONAL STANDARD BOOK NUMBER
International Standard Book Number 2110071762504
050 00 - LIBRARY OF CONGRESS CALL NUMBER
Classification number HF5636.S55 2012
100 ## - MAIN ENTRY--PERSONAL NAME
Personal name Shim, Jae K.
245 10 - TITLE STATEMENT
Title Financial accounting /
Statement of responsibility, etc Jae K. Shim
250 ## - EDITION STATEMENT
Edition statement 2nd ed.
260 ## - PUBLICATION, DISTRIBUTION, ETC. (IMPRINT)
Place of publication, distribution, etc Australia:
Name of publisher, distributor, etc McGraw Hill
Date of publication, distribution, etc 2012.
300 ## - PHYSICAL DESCRIPTION
Extent viii, 337 pages
Other physical details col. ill. ;
Dimensions 29 cm.
504 ## - BIBLIOGRAPHY, ETC. NOTE
Bibliography, etc Includes indexes.
650 #0 - SUBJECT ADDED ENTRY--TOPICAL TERM
Topical term or geographic name as entry element Accounting.
650 #0 - SUBJECT ADDED ENTRY--TOPICAL TERM
Topical term or geographic name as entry element Corporations
General subdivision Accounting.
650 #0 - SUBJECT ADDED ENTRY--TOPICAL TERM
Topical term or geographic name as entry element Financial statements.
700 ## - ADDED ENTRY--PERSONAL NAME
Personal name Siegel, Joel G.
942 ## - ADDED ENTRY ELEMENTS (KOHA)
Source of classification or shelving scheme
Koha item type Book
Holdings
Withdrawn status Lost status Source of classification or shelving scheme Damaged status Not for loan Home library Current library Shelving location Date acquired Total Checkouts Total Renewals Full call number Barcode Date last seen Date checked out Copy number Price effective from Koha item type
          Riara University Library Riara University Library General stack 26/09/2016 14 8 HF5636.S55 2012 8345/16 23/03/2026 16/03/2026 C.1 26/09/2016 Book

Riara University Library,
P.O. Box 49940-00100,
Nairobi, Kenya.